000 00429pab a2200157 454500
008 180718b2004 xxu||||| |||| 00| 0 eng d
100 _aLansang, Mary Ann
245 _aBuilding capacity in health research in the developing world
260 _c2004
300 _ap.764-70.
362 _aOct
650 _aHealth services
700 _aDannis, Rodolfo
773 _aBulletin of the World Health Organization
909 _a63482
999 _c63482
_d63482